| 000 | 00696nam a22002657a 4500 | ||
|---|---|---|---|
| 005 | 20231011153224.0 | ||
| 008 | 190222b xxu||||| |||| 00| 0 spa d | ||
| 020 | _a9788475560588 | ||
| 041 | _aspa | ||
| 082 | _a158.12 A482t | ||
| 100 |
_aAmalfi, Francis _952418 |
||
| 245 | _aTómate un respiro: el arte de no hacer nada | ||
| 260 | _aEspaña | ||
| 260 | _bOcéano | ||
| 260 | _c2004 | ||
| 300 | _a143 páginas | ||
| 650 | _aPSICOLOGÍA APLICADA | ||
| 650 | _aMEJORAMIENTO Y ANÁLISIS PERSONAL | ||
| 650 | _aMEDITACIÓN | ||
| 650 | _aRELAJACIÓN | ||
| 650 | _aEXPERIENCIAS | ||
| 650 | _aCONSEJOS | ||
| 650 | _aREFLEXIONES | ||
| 942 |
_cLIT _2ddc |
||
| 999 |
_c11666 _d11666 |
||